000
00456nam a2200157Ia 4500
005
20260121165314.0
008
260121s9999 xx 000 0 und d
041
_a
mar
082
_a
155.2
100
_a
मेहंदळे,वसुधा
245
_a
तेजस्विनी
250
_a
1
260
_b
भारतीय विचार साधना पुणे
_c
2024
300
_a
96
650
_a
मराठी साहित्य
999
_c
370007
_d
370007